|
|
|
|
| LEADER |
01260nam a2200277 i 4500 |
| 001 |
c000023475 |
| 003 |
CARM |
| 005 |
00000000000000.0 |
| 008 |
s1973 miu 00000 eng d |
| 019 |
1 |
|
|a 9183261
|5 LACONCORD2021
|
| 035 |
|
|
|a (OCoLC)221060763
|5 LACONCORD2021
|
| 100 |
1 |
|
|a Levitan, Sar A.
|
| 245 |
1 |
0 |
|a Making sense of Federal manpower policy /
|c by Sar A. Levitan and Garth L. Mangum.
|
| 250 |
|
|
|a [2d. ed.] /
|b with a new introd. by the authors.
|
| 260 |
|
|
|a Ann Arbor, Mich. :
|b Institute of Labour and Industrial Relations ,
|c 1973.
|
| 300 |
|
|
|a 73 p.
|
| 440 |
|
0 |
|a Policy papers in human resources and industrial relations ;
|v no.2
|
| 500 |
|
|
|a "An outgrowth of discussions held by the National Manpower Policy Task Force".
|
| 500 |
|
|
|a Bibliographical footnotes.
|
| 650 |
|
0 |
|a Manpower policy
|z United States.
|
| 700 |
1 |
|
|a Mangum, Garth L.
|
| 710 |
2 |
0 |
|a National Manpower Policy Task Force.
|
| 710 |
2 |
0 |
|a Institute of Labor and Industrial Relations (University of Michigan-Wayne State University)
|
| 852 |
8 |
|
|b CARM
|h A2:AF32C0
|i B01492
|p 0068530
|f BK
|
| 999 |
f |
f |
|i 582b6f74-d118-5fcc-ae15-518892b00cd5
|s dcf6b662-a53b-561b-a8fb-5e0c4f762fe8
|
| 952 |
f |
f |
|p Can circulate
|a CAVAL
|b CAVAL
|c CAVAL
|d CARM 1 Store
|e B01492
|f A2:AF32C0
|h Other scheme
|i book
|m 0068530
|